000 00237nam a2200109Ia 4500
999 _c7757
_d7757
020 _a978-0321594532
100 _aRoger LeRoy Miller
245 0 _aEconomics Today
260 _aNew York
_bPrentice Hall
_c1999
300 _a791
942 _cBK